Principles of network and system administration
This little book will improve all three. Principles of Network and System Administration is neither big nor flashy, but it is probably one of the best works in the genre. It builds on an extensive body of work by others in the field and pulls the information together in such a way that the material...
Na minha lista:
| Autor principal: | |
|---|---|
| Formato: | Livro |
| Idioma: | Undetermined |
| Publicado em: |
Hoboken, NJ.
Wiley
2003
|
| Assuntos: | |
| Tags: |
Adicionar Tag
Sem tags, seja o primeiro a adicionar uma tag!
|
| Thư viện lưu trữ: | Trung tâm Học liệu Trường Đại học Cần Thơ |
|---|
| LEADER | 00950nam a2200205Ia 4500 | ||
|---|---|---|---|
| 001 | CTU_146731 | ||
| 008 | 210402s9999 xx 000 0 und d | ||
| 020 | |c 66.37 | ||
| 082 | |a 005.43 | ||
| 082 | |b B955 | ||
| 100 | |a Burgess, Mark | ||
| 245 | 0 | |a Principles of network and system administration | |
| 245 | 0 | |c Mark Burgess | |
| 260 | |a Hoboken, NJ. | ||
| 260 | |b Wiley | ||
| 260 | |c 2003 | ||
| 520 | |a This little book will improve all three. Principles of Network and System Administration is neither big nor flashy, but it is probably one of the best works in the genre. It builds on an extensive body of work by others in the field and pulls the information together in such a way that the material is easily comprehended and absorbed. Burgess' writing is clear and engaging, something few textbooks achieve. | ||
| 650 | |a Computer networks,Computer systems | ||
| 650 | |x Management | ||
| 980 | |a Trung tâm Học liệu Trường Đại học Cần Thơ | ||